[Event "Liberec Region-chT 2223"]
[Site "Czech Republic"]
[Date "2023.02.12"]
[Round "8.1"]
[White "Novotny, Viktor"]
[Black "Habenicht, Martin"]
[Result "1-0"]
[WhiteElo "2066"]
[BlackElo "1974"]
[PlyCount "109"]
[EventDate "2022.10.09"]
[EventType "team-tourn"]
[EventRounds "11"]
[EventCountry "CZE"]
[SourceTitle "EXT 2024"]
[Source "ChessBase"]
[SourceDate "2023.10.10"]
[SourceVersion "1"]
[SourceVersionDate "2023.10.10"]
[SourceQuality "1"]

1. e4 d5 2. exd5 Nf6 3. Nf3 Qxd5 4. d4 Bg4 5. Be2 Nc6 6. 0-0 0-0-0 7. Be3 Qf5 8. c4 e5 9. d5 e4 10. Nd4 Nxd4 11. Bxd4 Bd6 12. Bxf6 Bxe2 13. Qxe2 gxf6 14. Nc3 Qe5 15. f4 Qd4+ 16. Kh1 f5 17. Nb5 Qf6 18. Nxa7+ Kb8 19. Nb5 Bc5 20. Rab1 c6 21. dxc6 bxc6 22. b4 Bd4 23. Nxd4 Rxd4 24. c5 Rd3 25. b5 Kc7 26. bxc6 Qxc6 27. Qb2 f6 28. Qb4 Ra8 29. Qc4 Qd5 30. Qb4 Qc6 31. a4 e3 32. Rfe1 h5 33. a5 h4 34. Qb6+ Qxb6 35. axb6+ Kb7 36. Rb5 Rg8 37. Rb2 Ra3 38. Kg1 Re8 39. Rbe2 Ka6 40. g3 h3 41. Rb2 Kb7 42. Kf1 Ra5 43. Rc1 Re7 44. Ke2 Ra6 45. Rd1 Ra3 46. Rd3 Ra1 47. Rxe3 Rd7 48. Kf3 Rf1+ 49. Rf2 Rb1 50. g4 fxg4+ 51. Kxg4 Rxb6 52. Rxh3 Rb5 53. Rh6 Rg7+ 54. Kf3 f5 55. Rc2 1-0

[Event "Liberec Region-chT 2223"]
[Site "Czech Republic"]
[Date "2023.01.15"]
[Round "6.2"]
[White "Novotny, Viktor"]
[Black "Zima, Jan"]
[Result "0-1"]
[WhiteElo "2066"]
[BlackElo "2155"]
[PlyCount "48"]
[EventDate "2022.10.09"]
[EventType "team-tourn"]
[EventRounds "11"]
[EventCountry "CZE"]
[SourceTitle "EXT 2024"]
[Source "ChessBase"]
[SourceDate "2023.10.10"]
[SourceVersion "1"]
[SourceVersionDate "2023.10.10"]
[SourceQuality "1"]

1. e4 c5 2. Nf3 d6 3. Nc3 Nf6 4. d4 cxd4 5. Qxd4 Nc6 6. Bb5 Bd7 7. Bxc6 Bxc6 8. 0-0 e6 9. Bg5 Be7 10. Rad1 0-0 11. Rfe1 Qa5 12. b4 Qb6 13. Qxb6 axb6 14. b5 Be8 15. a4 Rc8 16. Rd3 h6 17. Bh4 g5 18. Bg3 Nh5 19. Nd4 Bd7 20. e5 d5 21. Nde2 Rc4 22. Rd4 Rxd4 23. Nxd4 Bb4 24. Nde2 Rc8 0-1

[Event "CZE-chT1W 1415"]
[Site "Czech Republic"]
[Date "2015.02.01"]
[Round "7.7"]
[White "Hrdina, Robin"]
[Black "Novotny, Viktor"]
[Result "1-0"]
[WhiteElo "2106"]
[BlackElo "2111"]
[PlyCount "50"]
[EventDate "2014.10.19"]
[EventType "team-tourn"]
[EventRounds "11"]
[EventCountry "CZE"]
[SourceTitle "EXT 2016"]
[Source "ChessBase"]
[SourceDate "2015.10.08"]
[SourceVersion "1"]
[SourceVersionDate "2015.10.08"]
[SourceQuality "1"]
[WhiteTeam "Vlasim"]
[BlackTeam "Novoborsky II"]
[WhiteTeamCountry "CZE"]
[BlackTeamCountry "CZE"]

1. e4 e5 2. Nc3 Nf6 3. Bc4 Bc5 4. d3 d6 5. Na4 a6 6. Nxc5 dxc5 7. a4 Nc6 8. Ne2 Qd6 9. 0-0 Bg4 10. f3 Be6 11. Bxe6 Qxe6 12. Be3 Nd7 13. Qe1 Nd4 14. Bxd4 cxd4 15. f4 c5 16. fxe5 Qxe5 17. Nf4 0-0 18. Nd5 f5 19. Qh4 Rae8 20. Rae1 fxe4 21. Rxf8+ Nxf8 22. Rxe4 Qb8 23. Ne7+ Kh8 24. Qh5 b6 25. Qf7 Qxh2+ 1-0

[Event "Novy Bor op-A"]
[Site "Novy Bor"]
[Date "2014.11.06"]
[Round "8"]
[White "Tryhuba, Jaroslav"]
[Black "Novotny, Viktor"]
[Result "1/2-1/2"]
[WhiteElo "1837"]
[BlackElo "2123"]
[PlyCount "128"]
[EventDate "2014.09.18"]
[EventType "swiss"]
[EventRounds "9"]
[EventCountry "CZE"]
[SourceTitle "EXT 2016"]
[Source "ChessBase"]
[SourceDate "2015.10.08"]
[SourceVersion "1"]
[SourceVersionDate "2015.10.08"]
[SourceQuality "1"]

1. d4 d5 2. Nf3 c5 3. dxc5 Bf5 4. Bf4 Nc6 5. Nc3 e6 6. e3 Bxc5 7. Bd3 Nge7 8. 0-0 0-0 9. Re1 Bxd3 10. cxd3 d4 11. Ne4 Bb4 12. Re2 Nd5 13. Bg3 Qb6 14. a3 Be7 15. Qd2 f5 16. Neg5 Na5 17. Rae1 Nb3 18. Qd1 dxe3 19. fxe3 f4 20. Bf2 fxe3 21. Bxe3 Nxe3 22. Rxe3 Bc5 23. d4 Nxd4 24. Kh1 Nxf3 25. Rxf3 Rxf3 26. Qxf3 h6 27. Qf7+ Kh8 28. Rxe6 hxg5 29. Rxb6 Bxb6 30. Qxb7 Rd8 31. h3 Be3 32. Qf3 Bc1 33. b4 Kg8 34. a4 Rf8 35. Qd3 Kh8 36. b5 Re8 37. Qc3 Be3 38. a5 Bf2 39. g3 Be1 40. Qc6 Rf8 41. b6 axb6 42. axb6 Bxg3 43. b7 Bf4 44. Qc8 Kg8 45. Kg2 Bb8 46. Qe6+ Kh8 47. Qe7 Kg8 48. Qxg5 Bf4 49. Qxf4 Rxf4 50. b8Q+ Rf8 51. Qb3+ Kh8 52. Kg3 Rf6 53. Qd3 Kg8 54. Kg4 Kh8 55. h4 Kg8 56. Qd5+ Kh8 57. Qh5+ Kg8 58. Qe8+ Kh7 59. h5 Rh6 60. Kg5 Rf6 61. Qd8 Rh6 62. Qd3+ Kg8 63. Qd5+ Kh8 64. Qe5 Kg8 1/2-1/2

[Event "Novy Bor op-A"]
[Site "Novy Bor"]
[Date "2014.10.16"]
[Round "5"]
[White "Koudelka, Milos"]
[Black "Novotny, Viktor"]
[Result "0-1"]
[WhiteElo "1729"]
[BlackElo "2123"]
[PlyCount "62"]
[EventDate "2014.09.18"]
[EventType "swiss"]
[EventRounds "9"]
[EventCountry "CZE"]
[SourceTitle "EXT 2016"]
[Source "ChessBase"]
[SourceDate "2015.10.08"]
[SourceVersion "1"]
[SourceVersionDate "2015.10.08"]
[SourceQuality "1"]

1. e4 c5 2. Nf3 e6 3. d4 cxd4 4. Nxd4 a6 5. a4 Nc6 6. c3 Nf6 7. Bd3 d5 8. Nxc6 bxc6 9. e5 Nd7 10. Bf4 c5 11. 0-0 Rb8 12. b3 Be7 13. Nd2 0-0 14. Rb1 a5 15. Qc2 g6 16. Nf3 Rb6 17. Bb5 Ba6 18. c4 Bxb5 19. axb5 Rb7 20. Rfe1 Qb6 21. Bh6 Ra8 22. Ng5 Qd8 23. f4 Nb6 24. Ra1 dxc4 25. Rad1 Rd7 26. Rxd7 Qxd7 27. Re4 cxb3 28. Qxb3 a4 29. Qa2 Qxb5 30. h4 Nd5 31. Qa1 a3 0-1

[Event "Novy Bor op-A"]
[Site "Novy Bor"]
[Date "2014.09.18"]
[Round "1"]
[White "Mach, Michal"]
[Black "Novotny, Viktor"]
[Result "0-1"]
[WhiteElo "1570"]
[BlackElo "2123"]
[PlyCount "98"]
[EventDate "2014.09.18"]
[EventType "swiss"]
[EventRounds "9"]
[EventCountry "CZE"]
[SourceTitle "EXT 2016"]
[Source "ChessBase"]
[SourceDate "2015.10.08"]
[SourceVersion "1"]
[SourceVersionDate "2015.10.08"]
[SourceQuality "1"]

1. d4 Nf6 2. Nf3 e6 3. g3 d5 4. Bg2 Be7 5. 0-0 0-0 6. Bg5 c5 7. e3 b6 8. c3 Nc6 9. Nbd2 Bb7 10. Ne5 Nxe5 11. dxe5 Nd7 12. Bxe7 Qxe7 13. f4 f6 14. exf6 Nxf6 15. Qc2 e5 16. Rfe1 Rae8 17. Nf3 Nd7 18. Bh3 e4 19. Bxd7 Qxd7 20. Ne5 Qe6 21. Qa4 a6 22. Qd7 Re7 23. Qxe6+ Rxe6 24. Rad1 Rd8 25. Rd2 Kf8 26. Red1 Red6 27. Nc4 Re6 28. Kf2 Ke7 29. Ne5 Red6 30. a3 c4 31. h4 a5 32. Ke1 Ba6 33. Rd4 Bb5 34. R1d2 Ba4 35. Kf2 Ke6 36. Kg2 Bb3 37. Kh3 b5 38. Rf2 b4 39. Rdd2 Rb8 40. Ng4 bxa3 41. bxa3 Ba4 42. Rb2 Rdb6 43. f5+ Ke7 44. Rxb6 Rxb6 45. Rd2 Bc6 46. Ne5 Bb7 47. Rf2 Rb3 48. Ng4 Bc8 49. Rd2 Kd6 0-1

[Event "CZE-chT2B 1314"]
[Site "Czech Republic"]
[Date "2014.01.05"]
[Round "5.5"]
[White "Novotny, Viktor"]
[Black "Trmal, Jaroslav"]
[Result "0-1"]
[WhiteElo "2137"]
[BlackElo "2218"]
[PlyCount "70"]
[EventDate "2013.11.03"]
[EventType "team-tourn"]
[EventRounds "11"]
[EventCountry "CZE"]
[SourceTitle "EXT 2015"]
[Source "ChessBase"]
[SourceDate "2014.11.20"]
[SourceVersion "1"]
[SourceVersionDate "2014.11.20"]
[SourceQuality "1"]
[WhiteTeam "Novoborsky III"]
[BlackTeam "Neratovice"]
[WhiteTeamCountry "CZE"]
[BlackTeamCountry "CZE"]

1. Nc3 Nf6 2. e4 e5 3. Bc4 Nc6 4. d3 Bb4 5. Bg5 h6 6. Bxf6 Bxc3+ 7. bxc3 Qxf6 8. Ne2 d6 9. d4 g5 10. Rb1 Qg6 11. Bd3 b6 12. Bb5 Bd7 13. Qd3 0-0-0 14. 0-0 h5 15. Rb3 h4 16. Ra3 h3 17. g3 exd4 18. cxd4 Rhe8 19. Nc3 d5 20. Bxc6 Bxc6 21. Rxa7 Bb7 22. f3 g4 23. fxg4 dxe4 24. Qe3 Kb8 25. Ra3 Qd6 26. Ne2 Bd5 27. Rc1 Bc4 28. Ra4 Bb5 29. Qb3 Bxe2 30. Re1 Bxg4 31. Qxf7 e3 32. d5 Bc8 33. Rc4 Bb7 34. Rd4 Qc5 35. Rdd1 e2+ 0-1

[Event "CZE-chT2B 1314"]
[Site "Czech Republic"]
[Date "2013.11.17"]
[Round "2.4"]
[White "Novotny, Viktor"]
[Black "Smid, Miroslav"]
[Result "0-1"]
[WhiteElo "2137"]
[BlackElo "2131"]
[PlyCount "80"]
[EventDate "2013.11.03"]
[EventType "team-tourn"]
[EventRounds "11"]
[EventCountry "CZE"]
[SourceTitle "EXT 2015"]
[Source "ChessBase"]
[SourceDate "2014.11.20"]
[SourceVersion "1"]
[SourceVersionDate "2014.11.20"]
[SourceQuality "1"]
[WhiteTeam "Novoborsky III"]
[BlackTeam "Praha Bohemians II"]
[WhiteTeamCountry "CZE"]
[BlackTeamCountry "CZE"]

1. e4 e5 2. Nf3 Nc6 3. Bb5 Nd4 4. Nxd4 exd4 5. 0-0 Bc5 6. d3 c6 7. Bc4 d5 8. exd5 cxd5 9. Re1+ Ne7 10. Bb3 0-0 11. Bg5 Be6 12. Nd2 a5 13. a4 Qd7 14. Nf3 f6 15. Bf4 Bg4 16. h3 Bh5 17. g4 Bf7 18. Kg2 Nc6 19. Qd2 h5 20. Nh2 g5 21. Bxg5 fxg5 22. Qxg5+ Kh7 23. Nf3 Be7 24. Qf4 Bg6 25. Qg3 h4 26. Nxh4 Bd6 27. Nxg6 Bxg3 28. Nxf8+ Rxf8 29. fxg3 Nb4 30. Rf1 Rxf1 31. Rxf1 b5 32. Ra1 bxa4 33. Bxa4 Qc7 34. Kh2 Qe7 35. Rg1 Na6 36. Bb3 Qe2+ 37. Rg2 Qe6 38. Rf2 Nc5 39. Ba2 Na4 40. b4 Nc3 0-1

[Event "CZE-chT2B 1314"]
[Site "Czech Republic"]
[Date "2013.11.03"]
[Round "1.7"]
[White "Novotny, Viktor"]
[Black "Bayer, Radek"]
[Result "1-0"]
[WhiteElo "2137"]
[BlackElo "2052"]
[PlyCount "33"]
[EventDate "2013.11.03"]
[EventType "team-tourn"]
[EventRounds "11"]
[EventCountry "CZE"]
[SourceTitle "EXT 2015"]
[Source "ChessBase"]
[SourceDate "2014.11.20"]
[SourceVersion "1"]
[SourceVersionDate "2014.11.20"]
[SourceQuality "1"]
[WhiteTeam "Novoborsky III"]
[BlackTeam "Teplice"]
[WhiteTeamCountry "CZE"]
[BlackTeamCountry "CZE"]

1. e4 c5 2. Nc3 d6 3. f4 Nc6 4. Nf3 g6 5. Bc4 Bg7 6. 0-0 e6 7. d3 Nge7 8. Qe1 Nd4 9. Nxd4 Bxd4+ 10. Kh1 0-0 11. f5 d5 12. Bb3 exf5 13. Bg5 Qd7 14. exd5 Bxc3 15. Qxc3 Nxd5 16. Qe5 f6 17. Qxd5+ 1-0

[Event "Novy Bor op-A"]
[Site "Novy Bor"]
[Date "2013.02.12"]
[Round "4"]
[White "Bartos, Jan"]
[Black "Novotny, Viktor"]
[Result "1/2-1/2"]
[WhiteElo "2154"]
[BlackElo "2149"]
[PlyCount "62"]
[EventDate "2013.02.09"]
[EventType "swiss"]
[EventRounds "9"]
[EventCountry "CZE"]
[SourceTitle "CBM 152 Extra"]
[Source "ChessBase"]
[SourceDate "2013.02.25"]
[SourceVersion "1"]
[SourceVersionDate "2013.02.25"]
[SourceQuality "1"]

1. d4 Nf6 2. c4 e5 3. dxe5 Ng4 4. Nf3 Nc6 5. Bg5 Be7 6. Bxe7 Qxe7 7. Nc3 Ncxe5 8. Nxe5 Qxe5 9. e3 Nf6 10. Be2 d6 11. 0-0 c6 12. Qd2 Bf5 13. f4 Qe7 14. Bf3 0-0 15. Qd4 Rfe8 16. e4 Bg4 17. Bxg4 Nxg4 18. h3 Nf6 19. Rae1 a5 20. g3 Nd7 21. Na4 Nc5 22. Nxc5 dxc5 23. Qc3 b5 24. Kg2 Qe6 25. b3 a4 26. Re2 axb3 27. axb3 bxc4 28. Qxc4 Qxc4 29. bxc4 Red8 30. e5 Ra3 31. Rf3 Rdd3 1/2-1/2

[Event "Novy Bor op-A"]
[Site "Novy Bor"]
[Date "2013.02.09"]
[Round "1"]
[White "Novotny, Viktor"]
[Black "Vorobiov, Evgeny E"]
[Result "1-0"]
[WhiteElo "2149"]
[BlackElo "1742"]
[PlyCount "79"]
[EventDate "2013.02.09"]
[EventType "swiss"]
[EventRounds "9"]
[EventCountry "CZE"]
[SourceTitle "CBM 152 Extra"]
[Source "ChessBase"]
[SourceDate "2013.02.25"]
[SourceVersion "1"]
[SourceVersionDate "2013.02.25"]
[SourceQuality "1"]

1. d4 Nf6 2. c4 e6 3. f3 d5 4. Bg5 Be7 5. Nc3 h6 6. Bh4 0-0 7. e4 dxe4 8. fxe4 Nxe4 9. Bxe7 Nxc3 10. Bxd8 Nxd1 11. Bxc7 Ne3 12. Bd3 Nxg2+ 13. Kf2 Nh4 14. Ne2 Nf5 15. Rad1 Na6 16. Bf4 g5 17. Rhg1 Kh8 18. Bd2 Bd7 19. Bc3 f6 20. b4 Rae8 21. b5 Nb8 22. Bb4 Rg8 23. Be4 Bc8 24. a4 Nh4 25. Bc5 b6 26. Bd6 Bd7 27. c5 e5 28. dxe5 bxc5 29. Bxb8 Bxb5 30. Bd6 Bxe2 31. Kxe2 f5 32. Bc6 f4 33. Bxe8 f3+ 34. Kf2 Rxe8 35. Bxc5 Kg7 36. Rd7+ Kg6 37. Rd6+ Kh5 38. e6 Rb8 39. Rgd1 Rb2+ 40. R6d2 1-0

[Event "CZE-chT rap"]
[Site "Pardubice"]
[Date "2011.07.16"]
[Round "4"]
[White "Novotny, Viktor"]
[Black "Kireev, Aleksei"]
[Result "1-0"]
[WhiteElo "2101"]
[BlackElo "2389"]
[PlyCount "43"]
[EventDate "2011.07.14"]
[EventType "team-swiss"]
[EventRounds "7"]
[EventCountry "CZE"]
[SourceTitle "CBM 143 Extra"]
[Source "ChessBase"]
[SourceDate "2011.08.29"]
[SourceVersion "1"]
[SourceVersionDate "2011.08.29"]
[SourceQuality "1"]

1. e4 d6 2. d4 g6 3. Nc3 c6 4. f4 d5 5. Nf3 Bg4 6. Be2 e6 7. Ne5 Bxe2 8. Qxe2 dxe4 9. Nxe4 Be7 10. Bd2 h6 11. 0-0-0 Nf6 12. Nc5 b6 13. Nxg6 fxg6 14. Nxe6 Qd7 15. Rhe1 Kf7 16. g4 Qd6 17. g5 hxg5 18. fxg5 Nd5 19. c4 Nc7 20. Nxc7 Qxc7 21. Qe6+ Ke8 22. Bb4 1-0

[Event "CZE-chT2B 0910"]
[Site "Czech Republic"]
[Date "2010.01.17"]
[Round "5.4"]
[White "Korschner, Miroslav"]
[Black "Novotny, Viktor"]
[Result "0-1"]
[WhiteElo "2137"]
[BlackElo "2097"]
[PlyCount "64"]
[EventDate "2009.10.18"]
[EventType "team-tourn"]
[EventRounds "11"]
[EventCountry "CZE"]
[SourceTitle "EXT 2012"]
[Source "ChessBase"]
[SourceDate "2011.11.24"]
[SourceVersion "1"]
[SourceVersionDate "2011.11.24"]
[SourceQuality "1"]
[WhiteTeam "Usti nad Labem"]
[BlackTeam "Novoborsky III"]
[WhiteTeamCountry "CZE"]
[BlackTeamCountry "CZE"]

1. Nf3 Nf6 2. d4 g6 3. g3 c6 4. Bg2 d5 5. 0-0 Nbd7 6. c4 Bg7 7. cxd5 cxd5 8. Nc3 Nb6 9. Bf4 Nh5 10. Rc1 Nxf4 11. gxf4 0-0 12. Qb3 e6 13. Ne5 f6 14. Nd3 Nc4 15. e3 Nd2 16. Qc2 Nxf1 17. Kxf1 b6 18. Ke1 Bb7 19. Kd2 Rc8 20. Rh1 e5 21. Qb3 exd4 22. Nxd5 Kh8 23. h4 dxe3+ 24. fxe3 Bxd5 25. Bxd5 h6 26. Rg1 Qe7 27. e4 f5 28. e5 Rfd8 29. Rxg6 Qxh4 30. e6 Rc5 31. e7 Qxe7 32. Nb4 Qe4 0-1

[Event "Liberec Metalmex op"]
[Site "Liberec"]
[Date "2010.??.??"]
[Round "2"]
[White "Novotny, Viktor"]
[Black "Marsalek, Zdenek"]
[Result "0-1"]
[WhiteElo "2075"]
[BlackElo "2238"]
[PlyCount "116"]
[EventDate "2010.08.14"]
[EventType "swiss"]
[EventRounds "9"]
[EventCountry "CZE"]
[SourceTitle "CBM 138 Extra"]
[Source "ChessBase"]
[SourceDate "2010.10.29"]
[SourceVersion "1"]
[SourceVersionDate "2010.10.29"]
[SourceQuality "1"]

1. e4 c5 2. Nc3 Nc6 3. f4 g6 4. Nf3 Bg7 5. Bc4 e6 6. f5 Nge7 7. fxe6 dxe6 8. d3 Na5 9. Bb5+ Bd7 10. Bxd7+ Qxd7 11. Be3 b6 12. 0-0 0-0 13. Qd2 Nac6 14. Bh6 Rad8 15. Bxg7 Kxg7 16. e5 Nxe5 17. Nxe5 Qd4+ 18. Kh1 Qxe5 19. Rae1 Qh5 20. Ne4 Nf5 21. Qf4 Qh6 22. Qc7 Qh4 23. Qxa7 Rd4 24. Kg1 Qd8 25. Nd2 Qb8 26. Qxb8 Rxb8 27. Nc4 b5 28. Ne5 Rb7 29. Rf2 f6 30. Nf3 Rd6 31. Nd2 h5 32. a3 e5 33. b3 Ra6 34. Ne4 Rxa3 35. Nxc5 Rba7 36. c3 Kf7 37. Rd2 Rc7 38. d4 b4 39. cxb4 Nxd4 40. Rb2 Ke7 41. Rc1 Rc8 42. Kf2 Rb8 43. Rc4 f5 44. Ke3 Kd6 45. g3 g5 46. Rd2 Kd5 47. Kf2 Rba8 48. Nd7 Ra2 49. Nb6+ Ke4 50. Nxa8 Rxd2+ 51. Ke1 Kd3 52. Rc5 Nf3+ 53. Kf1 Nxh2+ 54. Kg1 Nf3+ 55. Kf1 Ke3 56. Rc3+ Rd3 57. Rxd3+ Kxd3 58. Nc7 e4 0-1

[Event "Mlada Boleslav ATMOS op"]
[Site "Mlada Boleslav"]
[Date "2007.08.04"]
[Round "8"]
[White "Novotny, Viktor"]
[Black "Novotny, Roman2222"]
[Result "0-1"]
[WhiteElo "2044"]
[BlackElo "2034"]
[PlyCount "74"]
[EventDate "2007.07.30"]
[EventType "swiss"]
[EventRounds "9"]
[EventCountry "CZE"]
[SourceTitle "EXT 2010"]
[Source "ChessBase"]
[SourceDate "2010.11.25"]
[SourceVersion "1"]
[SourceVersionDate "2010.11.25"]
[SourceQuality "1"]

1. Nf3 f5 2. b3 Nf6 3. Bb2 d6 4. d4 g6 5. e3 Bg7 6. Nbd2 0-0 7. h4 Qe8 8. Bd3 Nc6 9. a3 b6 10. Qe2 e5 11. dxe5 dxe5 12. Bc4+ Kh8 13. Ng5 b5 14. h5 gxh5 15. Nf7+ Rxf7 16. Bxf7 Qxf7 17. 0-0-0 e4 18. Nf1 Be6 19. Ng3 Nd5 20. Bxg7+ Qxg7 21. Nxh5 Qa1+ 22. Kd2 Qe5 23. Ke1 Nc3 24. Nf4 Bf7 25. Qd2 Rd8 26. Qxd8+ Nxd8 27. Rxd8+ Kg7 28. Rd7 Nd5 29. Nh5+ Kf8 30. Ng3 Bg6 31. Kd1 Ke8 32. Rxd5 Qxd5+ 33. Kc1 Qd6 34. Ne2 Qxa3+ 35. Kb1 c5 36. Rd1 Bf7 37. Rh1 h5 0-1

[Event "Mlada Boleslav ATMOS op"]
[Site "Mlada Boleslav"]
[Date "2007.08.03"]
[Round "7"]
[White "Novotny, Viktor"]
[Black "Radzicki, Wieslaw"]
[Result "1-0"]
[WhiteElo "2044"]
[BlackElo "1980"]
[PlyCount "77"]
[EventDate "2007.07.30"]
[EventType "swiss"]
[EventRounds "9"]
[EventCountry "CZE"]
[SourceTitle "EXT 2010"]
[Source "ChessBase"]
[SourceDate "2010.11.25"]
[SourceVersion "1"]
[SourceVersionDate "2010.11.25"]
[SourceQuality "1"]

1. e4 c5 2. Nc3 e6 3. f4 d5 4. exd5 exd5 5. Bb5+ Nc6 6. Qe2+ Be7 7. Nf3 Nf6 8. Bxc6+ bxc6 9. 0-0 0-0 10. b3 Bd6 11. Ba3 Bg4 12. Qa6 Qb6 13. Qxb6 axb6 14. Bb2 Bxf4 15. Ne2 Bd6 16. Bxf6 gxf6 17. a4 Rfe8 18. Rae1 Kg7 19. Kf2 d4 20. h3 Be6 21. Ng3 f5 22. Ne5 f6 23. Nh5+ Kh6 24. Nxf6 Rf8 25. Ned7 Bxd7 26. Nxd7 Rg8 27. Re6+ Rg6 28. Rxg6+ Kxg6 29. Nxb6 Rd8 30. Re1 d3 31. c3 Bf4 32. Nc4 Kf6 33. Kf3 Bc7 34. a5 f4 35. a6 Ra8 36. Ra1 Kf5 37. a7 h5 38. Ra6 Kg5 39. Nb2 1-0

[Event "Mlada Boleslav ATMOS op"]
[Site "Mlada Boleslav"]
[Date "2007.08.03"]
[Round "6"]
[White "Sirota, Sergej"]
[Black "Novotny, Viktor"]
[Result "1/2-1/2"]
[WhiteElo "2009"]
[BlackElo "2044"]
[PlyCount "75"]
[EventDate "2007.07.30"]
[EventType "swiss"]
[EventRounds "9"]
[EventCountry "CZE"]
[SourceTitle "EXT 2010"]
[Source "ChessBase"]
[SourceDate "2010.11.25"]
[SourceVersion "1"]
[SourceVersionDate "2010.11.25"]
[SourceQuality "1"]

1. d4 Nf6 2. c4 d6 3. Nc3 e5 4. dxe5 dxe5 5. Qxd8+ Kxd8 6. Bg5 Nbd7 7. e3 c6 8. Nge2 Kc7 9. Bh4 Nc5 10. 0-0-0 Bf5 11. Ng3 Bg6 12. Be2 Nfd7 13. f4 f6 14. b4 Na6 15. a3 Nab8 16. Kb2 a5 17. b5 Bc5 18. f5 Bf7 19. Nge4 Bxe3 20. Nd6 Rf8 21. Nce4 Bd4+ 22. Kc2 Nc5 23. Bg3 Nxe4 24. Nxe4 Rd8 25. Rd2 cxb5 26. cxb5 Kb6 27. Kb1 Bd5 28. Bd3 Nd7 29. Bf2 Bxf2 30. Nxf2 Nc5 31. Rhd1 Bxg2 32. Be2 Rxd2 33. Rxd2 Ne4 34. Nxe4 Bxe4+ 35. Kb2 Bxf5 36. Bc4 Rc8 37. Kb3 Rc7 38. Rd6+ 1/2-1/2

[Event "Mlada Boleslav ATMOS op"]
[Site "Mlada Boleslav"]
[Date "2007.07.31"]
[Round "2"]
[White "Jinova, Lucie"]
[Black "Novotny, Viktor"]
[Result "0-1"]
[WhiteElo "2089"]
[BlackElo "2044"]
[PlyCount "118"]
[EventDate "2007.07.30"]
[EventType "swiss"]
[EventRounds "9"]
[EventCountry "CZE"]
[SourceTitle "EXT 2010"]
[Source "ChessBase"]
[SourceDate "2010.11.25"]
[SourceVersion "1"]
[SourceVersionDate "2010.11.25"]
[SourceQuality "1"]

1. e4 e5 2. Nf3 Nc6 3. d4 exd4 4. Bc4 Nf6 5. 0-0 Bc5 6. e5 d5 7. exf6 dxc4 8. Re1+ Be6 9. Ng5 Qd5 10. Nc3 Qf5 11. g4 Qg6 12. Nxe6 fxe6 13. Rxe6+ Kf7 14. Nd5 Rhe8 15. Nf4 Qg5 16. Nh3 Qd5 17. Ng5+ Kg6 18. Rxe8 Rxe8 19. f7 Re5 20. h4 Rxg5 21. Bxg5 Ne5 22. f8Q Bxf8 23. f4 Nf3+ 24. Kf2 Nxg5 25. fxg5 Bc5 26. h5+ Kxg5 27. Qf3 d3+ 28. Kg2 Qxf3+ 29. Kxf3 dxc2 30. Rc1 b5 31. Rxc2 Bd4 32. a4 a6 33. Ke4 c5 34. axb5 axb5 35. Rg2 g6 36. hxg6 hxg6 37. Kd5 Kf4 38. Kc6 b4 39. Kd5 Kf3 40. Rc2 c3 41. bxc3 bxc3 42. g5 Ke3 43. Kc4 Ke4 44. Re2+ Kf3 45. Rc2 Kf4 46. Rg2 c2 47. Rxc2 Kxg5 48. Rg2+ Kf5 49. Kd3 g5 50. Ke2 Kf4 51. Kf1 g4 52. Rc2 Kf3 53. Re2 g3 54. Rc2 Be3 55. Re2 c4 56. Rc2 c3 57. Re2 Bd2 58. Rf2+ Kg4 59. Rf7 c2 0-1

[Event "Mlada Boleslav ATMOS op"]
[Site "Mlada Boleslav"]
[Date "2007.07.31"]
[Round "3"]
[White "Novotny, Viktor"]
[Black "Berendsen, Markus"]
[Result "1-0"]
[WhiteElo "2044"]
[BlackElo "2122"]
[PlyCount "120"]
[EventDate "2007.07.30"]
[EventType "swiss"]
[EventRounds "9"]
[EventCountry "CZE"]
[SourceTitle "EXT 2010"]
[Source "ChessBase"]
[SourceDate "2010.11.25"]
[SourceVersion "1"]
[SourceVersionDate "2010.11.25"]
[SourceQuality "1"]

1. e4 c5 2. Nc3 Nc6 3. f4 g6 4. Nf3 Bg7 5. Bc4 e6 6. f5 Nge7 7. fxe6 dxe6 8. 0-0 0-0 9. d3 Ne5 10. Nxe5 Bxe5 11. Bh6 Bg7 12. Bxg7 Kxg7 13. Qe1 Nc6 14. Qg3 Qd4+ 15. Kh1 Qe5 16. Qh4 Bd7 17. Rf2 Na5 18. Bb3 Nxb3 19. axb3 Bc6 20. Raf1 f5 21. Nd1 Rf7 22. Ne3 Raf8 23. Nc4 Qc7 24. e5 Qe7 25. Qg3 Kh8 26. Qe3 Rd8 27. Nd6 b6 28. Nxf7+ Qxf7 29. Qg5 Rd7 30. Re2 Kg7 31. h4 h6 32. Qg3 Qe7 33. Kg1 Rd4 34. Rf4 Rd8 35. Kf2 Rh8 36. Ke1 g5 37. hxg5 hxg5 38. Rf1 Kg6 39. Kd2 Qh7 40. c3 Bd5 41. Kc2 Qh4 42. Qxh4 Rxh4 43. g3 Rh3 44. Rg1 g4 45. c4 Bf3 46. Rd2 f4 47. gxf4 Kf5 48. d4 cxd4 49. Rxd4 g3 50. Kd2 Rh2+ 51. Ke3 Bg4 52. Rxg3 Re2+ 53. Kd3 Rxb2 54. Kc3 Rb1 55. Kb4 Ra1 56. Kb5 Ra5+ 57. Kc6 Rc5+ 58. Kd7 Ra5 59. b4 Ra4 60. b5 Ra1 1-0

[Event "Mlada Boleslav ATMOS op"]
[Site "Mlada Boleslav"]
[Date "2007.07.30"]
[Round "1"]
[White "Dalecky, Bretislav"]
[Black "Novotny, Viktor"]
[Result "0-1"]
[WhiteElo "2165"]
[BlackElo "2044"]
[PlyCount "54"]
[EventDate "2007.07.30"]
[EventType "swiss"]
[EventRounds "9"]
[EventCountry "CZE"]
[SourceTitle "EXT 2010"]
[Source "ChessBase"]
[SourceDate "2010.11.25"]
[SourceVersion "1"]
[SourceVersionDate "2010.11.25"]
[SourceQuality "1"]

1. e4 e5 2. Nf3 Nc6 3. Bb5 a6 4. Ba4 Nf6 5. 0-0 Nxe4 6. Re1 Nc5 7. Bxc6 dxc6 8. Nxe5 Be6 9. d4 Nd7 10. Bf4 Nxe5 11. Bxe5 Qd7 12. Nd2 0-0-0 13. c3 h5 14. Ne4 Bd5 15. Nc5 Bxc5 16. dxc5 Qf5 17. Bd4 h4 18. Re5 Qg6 19. Qf1 f6 20. Re3 Rh5 21. Rae1 Bxg2 22. Qxg2 Rg5 23. Rg3 hxg3 24. fxg3 Re8 25. Qf2 Rd5 26. a4 Rdd8 27. Rf1 Qh5 0-1